[Event "Russian Championship (Rapid, Women)"]
[Site "Sochi"]
[Date "2018.10.06"]
[Round "6.6"]
[White "Goltseva, Ekaterina"]
[Black "Charochkina, Daria"]
[Result "0-1"]
[BlackElo "2360"]
[WhiteElo "2203"]
[LiveChessVersion "1.4.8"]

1. d4 {[%clk 0:15:17]} f5 {[%clk 0:15:19]} 2. c4 {[%clk 0:15:20]} Nf6
{[%clk 0:15:27]} 3. Nc3 {[%clk 0:15:13]} e6 {[%clk 0:15:35]} 4. Qc2
{[%clk 0:14:24]} Bb4 {[%clk 0:15:42]} 5. e3 {[%clk 0:14:05]} b6 {[%clk 0:15:48]}
6. Bd3 {[%clk 0:13:55]} Bb7 {[%clk 0:15:57]} 7. f3 {[%clk 0:13:58]} c5
{[%clk 0:16:05]} 8. Nge2 {[%clk 0:13:28]} Nc6 {[%clk 0:16:14]} 9. a3
{[%clk 0:12:26]} cxd4 {[%clk 0:16:21]} 10. exd4 {[%clk 0:12:15]} Bd6
{[%clk 0:16:18]} 11. O-O {[%clk 0:11:26]} O-O {[%clk 0:16:09]} 12. Be3
{[%clk 0:11:10]} Qb8 {[%clk 0:15:47]} 13. h3 {[%clk 0:10:39]} Qe8
{[%clk 0:14:59]} 14. Rae1 {[%clk 0:06:30]} Rc8 {[%clk 0:14:39]} 15. b4
{[%clk 0:06:07]} Bb8 {[%clk 0:13:52]} 16. Qd2 {[%clk 0:05:18]} Nh5
{[%clk 0:12:48]} 17. Bb1 {[%clk 0:01:45]} Ne7 {[%clk 0:10:15]} 18. d5
{[%clk 0:00:36]} Ng6 {[%clk 0:08:16]} 19. c5 {[%clk 0:00:21]} bxc5
{[%clk 0:05:49]} 20. bxc5 {[%clk 0:00:28]} Be5 {[%clk 0:05:38]} 21. f4
{[%clk 0:00:22]} Bf6 {[%clk 0:04:55]} 22. Ba2 {[%clk 0:00:24]} Kh8
{[%clk 0:04:59]} 23. Rb1 {[%clk 0:00:15]} Ba6 {[%clk 0:05:00]} 24. Nb5
{[%clk 0:00:20]} Be7 {[%clk 0:04:03]} 25. Rfc1 {[%clk 0:00:20]} Nf6
{[%clk 0:03:46]} 26. d6 {[%clk 0:00:16]} Bd8 {[%clk 0:03:52]} 27. Nxa7
{[%clk 0:00:15]} Ra8 {[%clk 0:03:39]} 28. c6 {[%clk 0:00:17]} Ne4
{[%clk 0:03:34]} 29. Qb4 {[%clk 0:00:14]} dxc6 {[%clk 0:03:09]} 30. Nc3
{[%clk 0:00:22]} c5 {[%clk 0:02:55]} 31. Bxc5 {[%clk 0:00:28]} Nxc5
{[%clk 0:03:04]} 32. Qxc5 {[%clk 0:00:37]} Nxf4 {[%clk 0:03:07]} 33. d7
{[%clk 0:00:24]} Qf7 {[%clk 0:03:04]} 34. Ncb5 {[%clk 0:00:18]} Bh4
{[%clk 0:01:18]} 35. Qd6 {[%clk 0:00:15]} Ne2+ {[%clk 0:01:22]} 36. Kh1
{[%clk 0:00:21]} Nxc1 {[%clk 0:00:55]} 37. Rxc1 {[%clk 0:00:31]} Bb7
{[%clk 0:00:35]} 38. Qxe6 {[%clk 0:00:17]} Qh5 {[%clk 0:00:39]} 39. Bd5
{[%clk 0:00:15]} Bxd5 {[%clk 0:00:30]} 40. Qxd5 {[%clk 0:00:24]} Qe2
{[%clk 0:00:24]} 41. Rd1 {[%clk 0:00:15]} Rab8 {[%clk 0:00:29]} 42. a4
{[%clk 0:00:23]} f4 {[%clk 0:00:31]} 43. Qf3 {[%clk 0:00:18]} Qa2
{[%clk 0:00:14]} 44. Nc6 {[%clk 0:00:20]} Ra8 {[%clk 0:00:23]} 45. a5
{[%clk 0:00:26]} Qa4 {[%clk 0:00:31]} 46. Nc7 {[%clk 0:00:32]} Rad8
{[%clk 0:00:18]} 47. Ne6 {[%clk 0:00:32]} Rg8 {[%clk 0:00:14]} 48. Ncxd8
{[%clk 0:00:33]} Bxd8 {[%clk 0:00:23]} 49. Rd4 {[%clk 0:00:19]} Qxa5
{[%clk 0:00:24]} 50. Qxf4 {[%clk 0:00:25]} Qa1+ {[%clk 0:00:26]} 51. Kh2
{[%clk 0:00:33]} Qa5 {[%clk 0:00:22]} 52. Qd6 {[%clk 0:00:19]} h6
{[%clk 0:00:19]} 53. Rd5 {[%clk 0:00:16]} Qa8 {[%clk 0:00:28]} 54. Rd4
{[%clk 0:00:18]} Qa5 {[%clk 0:00:34]} 55. Rd5 {[%clk 0:00:20]} Qa8
{[%clk 0:00:43]} 56. Rd4 {[%clk 0:00:14]} Qa5 {[%clk 0:00:52]} 57. Rg4
{[%clk 0:00:15]} Bf6 {[%clk 0:00:40]} 58. Nc5 {[%clk 0:00:16]} Qa1
{[%clk 0:00:37]} 59. Re4 {[%clk 0:00:22]} Qa8 {[%clk 0:00:31]} 60. Re6
{[%clk 0:00:26]} Bg5 {[%clk 0:00:32]} 61. h4 {[%clk 0:00:19]} Bc1
{[%clk 0:00:39]} 62. Nb3 {[%clk 0:00:17]} Ba3 {[%clk 0:00:39]} 63. Rxh6+
{[%clk 0:00:24]} 0-1

[Event "Russian Championship (Rapid, Women)"]
[Site "Sochi"]
[Date "2018.10.06"]
[Round "6.7"]
[White "Kovanova, Baira"]
[Black "Solozhenkina, Elizaveta"]
[Result "1/2-1/2"]
[BlackElo "2189"]
[WhiteElo "2317"]
[LiveChessVersion "1.4.8"]

1. c4 {[%clk 0:15:19]} e6 {[%clk 0:15:12]} 2. Nc3 {[%clk 0:15:27]} d5
{[%clk 0:15:21]} 3. e3 {[%clk 0:15:28]} Nf6 {[%clk 0:15:18]} 4. b3
{[%clk 0:14:48]} c5 {[%clk 0:14:23]} 5. Nf3 {[%clk 0:14:21]} d4 {[%clk 0:12:34]}
6. exd4 {[%clk 0:10:17]} cxd4 {[%clk 0:12:42]} 7. Na4 {[%clk 0:08:57]} Nc6
{[%clk 0:11:07]} 8. d3 {[%clk 0:09:05]} e5 {[%clk 0:10:42]} 9. Be2
{[%clk 0:09:04]} a6 {[%clk 0:09:49]} 10. O-O {[%clk 0:08:37]} b5 {[%clk 0:09:49]}
11. Nb2 {[%clk 0:08:21]} Ba3 {[%clk 0:09:36]} 12. Qc2 {[%clk 0:06:42]} Bd7
{[%clk 0:08:19]} 13. Bg5 {[%clk 0:06:07]} h6 {[%clk 0:08:02]} 14. Bh4
{[%clk 0:06:07]} O-O {[%clk 0:07:08]} 15. Qb1 {[%clk 0:05:00]} Bf5
{[%clk 0:05:56]} 16. Ne1 {[%clk 0:03:28]} Rb8 {[%clk 0:05:22]} 17. cxb5
{[%clk 0:02:48]} axb5 {[%clk 0:05:21]} 18. Nc2 {[%clk 0:02:54]} Be7
{[%clk 0:05:02]} 19. Bxf6 {[%clk 0:02:34]} Bxf6 {[%clk 0:05:09]} 20. a4
{[%clk 0:02:44]} bxa4 {[%clk 0:04:29]} 21. Nxa4 {[%clk 0:02:42]} e4
{[%clk 0:04:38]} 22. Nc5 {[%clk 0:01:54]} exd3 {[%clk 0:04:36]} 23. Bxd3
{[%clk 0:02:03]} Qd5 {[%clk 0:04:14]} 24. Bxf5 {[%clk 0:01:29]} Qxf5
{[%clk 0:03:54]} 25. Na6 {[%clk 0:00:40]} Rb6 {[%clk 0:03:35]} 26. b4
{[%clk 0:00:30]} Qb5 {[%clk 0:00:57]} 27. Nc5 {[%clk 0:00:23]} d3
{[%clk 0:00:50]} 28. Na3 {[%clk 0:00:31]} Qxb4 {[%clk 0:00:56]} 29. Nd7
{[%clk 0:00:21]} Qxb1 {[%clk 0:00:41]} 30. Raxb1 {[%clk 0:00:23]} Rxb1
{[%clk 0:00:49]} 31. Rxb1 {[%clk 0:00:21]} Rd8 {[%clk 0:00:58]} 32. Nxf6+
{[%clk 0:00:29]} gxf6 {[%clk 0:01:07]} 33. Nc4 {[%clk 0:00:22]} d2
{[%clk 0:00:59]} 34. Rd1 {[%clk 0:00:26]} Ne5 {[%clk 0:01:00]} 35. Nxe5
{[%clk 0:00:18]} fxe5 {[%clk 0:01:10]} 36. Kf1 {[%clk 0:00:28]} f5
{[%clk 0:00:44]} 37. Ke2 {[%clk 0:00:37]} Kf7 {[%clk 0:00:53]} 38. Rxd2
{[%clk 0:00:45]} 1/2-1/2

[Event "Russian Championship (Rapid, Women)"]
[Site "Sochi"]
[Date "2018.10.06"]
[Round "6.8"]
[White "Sukhareva, Evgeniya"]
[Black "Maltsevskaya, Aleksandra"]
[Result "0-1"]
[BlackElo "2194"]
[WhiteElo "2258"]
[LiveChessVersion "1.4.8"]

1. d4 {[%clk 0:15:19]} Nf6 {[%clk 0:15:17]} 2. c4 {[%clk 0:15:28]} c5
{[%clk 0:15:25]} 3. d5 {[%clk 0:15:37]} b5 {[%clk 0:15:33]} 4. cxb5
{[%clk 0:15:46]} a6 {[%clk 0:15:41]} 5. bxa6 {[%clk 0:15:55]} g6 {[%clk 0:15:49]}
6. Nc3 {[%clk 0:16:04]} Bg7 {[%clk 0:15:57]} 7. e4 {[%clk 0:16:12]} O-O
{[%clk 0:15:38]} 8. Nf3 {[%clk 0:16:20]} Qa5 {[%clk 0:15:31]} 9. Bd3
{[%clk 0:15:44]} Nxd5 {[%clk 0:14:11]} 10. exd5 {[%clk 0:15:44]} Bxc3+
{[%clk 0:14:19]} 11. bxc3 {[%clk 0:13:10]} Qxc3+ {[%clk 0:14:27]} 12. Qd2
{[%clk 0:13:19]} Qxa1 {[%clk 0:14:34]} 13. O-O {[%clk 0:13:27]} Qg7
{[%clk 0:14:05]} 14. Bb2 {[%clk 0:13:35]} f6 {[%clk 0:14:14]} 15. d6
{[%clk 0:11:40]} e6 {[%clk 0:13:44]} 16. Ng5 {[%clk 0:11:11]} Bxa6
{[%clk 0:09:09]} 17. Ne4 {[%clk 0:08:48]} Bxd3 {[%clk 0:08:17]} 18. Qxd3
{[%clk 0:08:56]} Nc6 {[%clk 0:08:25]} 19. Nxc5 {[%clk 0:04:46]} Rxa2
{[%clk 0:05:24]} 20. Qb3 {[%clk 0:04:25]} Ra5 {[%clk 0:04:29]} 21. Ne4
{[%clk 0:04:22]} Rd5 {[%clk 0:04:30]} 22. f4 {[%clk 0:01:53]} Nd4
{[%clk 0:00:32]} 23. Qb6 {[%clk 0:01:02]} Nc6 {[%clk 0:00:15]} 24. Rc1
{[%clk 0:00:59]} Rb8 {[%clk 0:00:16]} 25. Qf2 {[%clk 0:00:21]} Qf7
{[%clk 0:00:11]} 26. Nxf6+ Kf8 27. Nxd5 {[%clk 0:00:32]} exd5 {[%clk 0:00:30]}
28. Qd2 {[%clk 0:00:15]} Qf5 {[%clk 0:00:16]} 29. h3 {[%clk 0:00:16]} Re8
{[%clk 0:00:16]} 30. Rxc6 {[%clk 0:00:11]} dxc6 {[%clk 0:00:25]} 31. Qd4
{[%clk 0:00:19]} Kf7 {[%clk 0:00:15]} 32. Qa7+ {[%clk 0:00:12]} Ke6
{[%clk 0:00:21]} 33. d7 {[%clk 0:00:16]} Rd8 {[%clk 0:00:28]} 34. Be5
{[%clk 0:00:17]} Rxd7 {[%clk 0:00:26]} 35. Qc5 {[%clk 0:00:26]} Kf7
{[%clk 0:00:20]} 36. Qxc6 {[%clk 0:00:35]} Qe6 {[%clk 0:00:29]} 37. Qc8
{[%clk 0:00:29]} Qe8 {[%clk 0:00:29]} 38. Qc6 {[%clk 0:00:33]} Qe7
{[%clk 0:00:22]} 39. Qc8 {[%clk 0:00:19]} Rd8 {[%clk 0:00:20]} 40. Qc3
{[%clk 0:00:27]} Qd7 {[%clk 0:00:17]} 41. Qd4 {[%clk 0:00:25]} Qf5
{[%clk 0:00:14]} 42. Kh2 {[%clk 0:00:28]} Rd7 {[%clk 0:00:17]} 43. Qa4
{[%clk 0:00:23]} d4 {[%clk 0:00:18]} 44. Qa8 {[%clk 0:00:21]} d3 {[%clk 0:00:18]}
45. Qh8 {[%clk 0:00:28]} Ke7 {[%clk 0:00:14]} 46. Qxh7+ {[%clk 0:00:25]} Ke6
{[%clk 0:00:20]} 47. Qg8+ {[%clk 0:00:25]} Qf7 {[%clk 0:00:29]} 48. Qc8
{[%clk 0:00:21]} d2 {[%clk 0:00:29]} 49. Qc6+ {[%clk 0:00:26]} Ke7
{[%clk 0:00:38]} 50. Qc5+ {[%clk 0:00:33]} Ke8 {[%clk 0:00:46]} 51. Qc8+
{[%clk 0:00:36]} Rd8 {[%clk 0:00:47]} 52. Qc6+ {[%clk 0:00:38]} Kf8
{[%clk 0:00:53]} 53. Qc5+ {[%clk 0:00:14]} Kg8 {[%clk 0:01:01]} 54. Bc3
{[%clk 0:00:11]} Qxf4+ {[%clk 0:00:37]} 55. g3 {[%clk 0:00:20]} Qe4
{[%clk 0:00:45]} 56. Qa7 {[%clk 0:00:17]} Qe2+ {[%clk 0:00:51]} 0-1

[Event "Russian Championship (Rapid, Women)"]
[Site "Sochi"]
[Date "2018.10.06"]
[Round "6.9"]
[White "Maletina, Tatiana"]
[Black "Bykova, Anastasia"]
[Result "1-0"]
[BlackElo "2170"]
[WhiteElo "2246"]
[LiveChessVersion "1.4.8"]

1. d4 {[%clk 0:15:18]} d5 {[%clk 0:15:19]} 2. c4 {[%clk 0:15:27]} c6
{[%clk 0:15:28]} 3. Nf3 {[%clk 0:15:36]} Nf6 {[%clk 0:15:37]} 4. Qc2
{[%clk 0:15:44]} dxc4 {[%clk 0:15:45]} 5. e4 {[%clk 0:15:53]} Bg4
{[%clk 0:15:53]} 6. Bxc4 {[%clk 0:15:49]} Bxf3 {[%clk 0:16:01]} 7. gxf3
{[%clk 0:15:57]} Qxd4 {[%clk 0:16:09]} 8. Be3 {[%clk 0:15:41]} Qd7
{[%clk 0:15:43]} 9. Nc3 {[%clk 0:15:31]} e6 {[%clk 0:15:35]} 10. Rg1
{[%clk 0:15:33]} Qc7 {[%clk 0:15:20]} 11. f4 {[%clk 0:15:21]} Nbd7
{[%clk 0:14:50]} 12. O-O-O {[%clk 0:15:15]} Nb6 {[%clk 0:12:44]} 13. Be2
{[%clk 0:15:04]} g6 {[%clk 0:11:43]} 14. Nb5 {[%clk 0:12:17]} Qb8
{[%clk 0:11:36]} 15. Qc3 {[%clk 0:12:18]} Be7 {[%clk 0:04:47]} 16. Nd6+
{[%clk 0:11:52]} Kf8 {[%clk 0:04:49]} 17. f5 {[%clk 0:09:42]} Bxd6
{[%clk 0:04:45]} 18. Rxd6 {[%clk 0:09:40]} Qxd6 {[%clk 0:02:34]} 19. Bc5
{[%clk 0:09:48]} Qxc5 {[%clk 0:02:43]} 20. Qxc5+ {[%clk 0:09:56]} Kg7
{[%clk 0:02:51]} 21. fxe6 {[%clk 0:09:57]} Rhe8 {[%clk 0:02:43]} 22. e5
{[%clk 0:09:32]} Nfd5 {[%clk 0:02:24]} 23. exf7 {[%clk 0:09:34]} Kxf7
{[%clk 0:02:27]} 24. f4 {[%clk 0:09:28]} Kg7 {[%clk 0:01:49]} 25. Qd4
{[%clk 0:09:07]} c5 {[%clk 0:01:37]} 26. Qe4 {[%clk 0:09:14]} Rf8
{[%clk 0:01:19]} 27. f5 {[%clk 0:09:19]} Rae8 {[%clk 0:01:14]} 28. Bb5
{[%clk 0:08:45]} Rd8 {[%clk 0:01:23]} 29. fxg6 {[%clk 0:08:38]} h6
{[%clk 0:01:28]} 30. e6 {[%clk 0:08:31]} Nc8 {[%clk 0:01:19]} 31. Qe5+
{[%clk 0:08:26]} Kg8 {[%clk 0:00:57]} 32. g7 {[%clk 0:08:26]} Rf4
{[%clk 0:00:59]} 33. e7 {[%clk 0:08:07]} Ncxe7 {[%clk 0:01:08]} 34. Qe6+
{[%clk 0:08:15]} Rf7 {[%clk 0:01:03]} 35. Qxh6 {[%clk 0:08:00]} 1-0

[Event "Russian Championship (Rapid, Women)"]
[Site "Sochi"]
[Date "2018.10.06"]
[Round "6.10"]
[White "Semenova, Irina"]
[Black "Vasilevich, Irina"]
[Result "0-1"]
[BlackElo "2226"]
[WhiteElo "2091"]
[LiveChessVersion "1.4.8"]

1. e4 {[%clk 0:15:10]} c5 {[%clk 0:15:18]} 2. Nf3 {[%clk 0:15:26]} e6
{[%clk 0:15:27]} 3. d4 {[%clk 0:15:35]} cxd4 {[%clk 0:15:35]} 4. Nxd4
{[%clk 0:15:43]} Nc6 {[%clk 0:15:44]} 5. Nc3 {[%clk 0:15:49]} a6 {[%clk 0:15:50]}
6. Be2 {[%clk 0:15:52]} Qc7 {[%clk 0:15:47]} 7. O-O {[%clk 0:15:43]} Nf6
{[%clk 0:15:53]} 8. Kh1 {[%clk 0:15:44]} Bb4 {[%clk 0:15:39]} 9. Qd3
{[%clk 0:13:51]} b5 {[%clk 0:12:00]} 10. Nxc6 {[%clk 0:13:25]} dxc6
{[%clk 0:12:01]} 11. f4 {[%clk 0:12:53]} O-O {[%clk 0:09:24]} 12. e5
{[%clk 0:12:16]} Nd5 {[%clk 0:09:04]} 13. Ne4 {[%clk 0:11:47]} Be7
{[%clk 0:09:09]} 14. Qh3 {[%clk 0:11:05]} c5 {[%clk 0:07:54]} 15. c4
{[%clk 0:09:05]} bxc4 {[%clk 0:06:55]} 16. Bxc4 {[%clk 0:09:13]} Bb7
{[%clk 0:07:02]} 17. Bd3 {[%clk 0:09:14]} g6 {[%clk 0:07:10]} 18. a3
{[%clk 0:08:34]} Rfd8 {[%clk 0:06:33]} 19. Bc2 {[%clk 0:08:37]} Bc6
{[%clk 0:05:42]} 20. Bd2 {[%clk 0:06:13]} Qb7 {[%clk 0:05:10]} 21. Rab1
{[%clk 0:05:15]} Nb4 {[%clk 0:02:42]} 22. axb4 {[%clk 0:02:03]} Bxe4
{[%clk 0:02:43]} 23. Bxe4 {[%clk 0:02:07]} Qxe4 {[%clk 0:02:51]} 24. Rbe1
{[%clk 0:02:01]} Qd3 {[%clk 0:01:47]} 25. Qxd3 {[%clk 0:01:22]} Rxd3
{[%clk 0:01:56]} 26. Bc1 {[%clk 0:01:29]} cxb4 {[%clk 0:02:02]} 27. Re4
{[%clk 0:01:10]} a5 {[%clk 0:02:04]} 28. Rc4 {[%clk 0:01:18]} a4 {[%clk 0:02:05]}
29. g3 {[%clk 0:00:59]} a3 {[%clk 0:02:10]} 30. bxa3 {[%clk 0:01:05]} bxa3
{[%clk 0:02:19]} 31. Rc2 {[%clk 0:01:06]} Rb8 {[%clk 0:01:32]} 32. Kg2
{[%clk 0:00:29]} h5 {[%clk 0:01:19]} 33. Ra2 {[%clk 0:00:25]} h4 {[%clk 0:01:23]}
34. gxh4 {[%clk 0:00:28]} Rbb3 {[%clk 0:01:23]} 35. h5 {[%clk 0:00:30]} gxh5
{[%clk 0:01:30]} 36. f5 {[%clk 0:00:37]} exf5 {[%clk 0:01:23]} 37. Rxf5
{[%clk 0:00:38]} Rd1 {[%clk 0:01:21]} 38. Bxa3 {[%clk 0:00:00]} 0-1

[Event "Russian Championship (Rapid, Women)"]
[Site "Sochi"]
[Date "2018.10.06"]
[Round "6.11"]
[White "Baraeva, Marina"]
[Black "Protopopova, Anastasiya"]
[Result "1-0"]
[BlackElo "2105"]
[WhiteElo "2204"]
[LiveChessVersion "1.4.8"]

1. d4 {[%clk 0:15:18]} d5 {[%clk 0:15:13]} 2. Nf3 {[%clk 0:15:25]} c6
{[%clk 0:15:07]} 3. c4 {[%clk 0:15:33]} e6 {[%clk 0:15:14]} 4. cxd5
{[%clk 0:15:36]} exd5 {[%clk 0:15:11]} 5. Nc3 {[%clk 0:15:43]} Bd6
{[%clk 0:14:31]} 6. Bg5 {[%clk 0:14:26]} f6 {[%clk 0:13:42]} 7. Bh4
{[%clk 0:14:29]} Ne7 {[%clk 0:13:50]} 8. e3 {[%clk 0:14:29]} Bf5 {[%clk 0:13:13]}
9. Bd3 {[%clk 0:14:08]} O-O {[%clk 0:12:51]} 10. O-O {[%clk 0:13:28]} Nd7
{[%clk 0:11:20]} 11. Rb1 {[%clk 0:13:00]} Qe8 {[%clk 0:09:33]} 12. Bg3
{[%clk 0:11:49]} Bxg3 {[%clk 0:09:37]} 13. hxg3 {[%clk 0:11:57]} Qg6
{[%clk 0:07:55]} 14. Nh4 {[%clk 0:09:42]} Qg5 {[%clk 0:05:42]} 15. f4
{[%clk 0:09:25]} Qxg3 {[%clk 0:05:46]} 16. Nxf5 {[%clk 0:09:31]} Nxf5
{[%clk 0:05:53]} 17. Bxf5 {[%clk 0:09:36]} Qxe3+ {[%clk 0:06:00]} 18. Kh1
{[%clk 0:09:05]} Rfd8 {[%clk 0:04:29]} 19. Qd3 {[%clk 0:07:33]} Qxd3
{[%clk 0:04:08]} 20. Bxd3 {[%clk 0:07:42]} Nf8 {[%clk 0:03:40]} 21. Rfe1
{[%clk 0:06:42]} Kf7 {[%clk 0:03:47]} 22. f5 {[%clk 0:06:21]} g6 {[%clk 0:03:24]}
23. Kg1 {[%clk 0:06:15]} a5 {[%clk 0:02:56]} 24. Na4 {[%clk 0:05:38]} Nd7
{[%clk 0:02:33]} 25. Re6 {[%clk 0:05:13]} b5 {[%clk 0:01:37]} 26. Nc5
{[%clk 0:05:08]} Nxc5 {[%clk 0:01:37]} 27. dxc5 {[%clk 0:05:17]} Rac8
{[%clk 0:01:45]} 28. Rbe1 {[%clk 0:04:57]} Rd7 {[%clk 0:01:54]} 29. Rd6
{[%clk 0:03:40]} Rxd6 {[%clk 0:01:47]} 30. cxd6 {[%clk 0:03:50]} Rd8
{[%clk 0:01:51]} 31. Re7+ {[%clk 0:03:45]} Kf8 {[%clk 0:01:21]} 32. Rxh7
{[%clk 0:03:49]} Rxd6 {[%clk 0:01:29]} 33. fxg6 {[%clk 0:03:53]} c5
{[%clk 0:01:29]} 34. Bxb5 {[%clk 0:03:25]} c4 {[%clk 0:00:42]} 35. Kf2
{[%clk 0:03:01]} a4 {[%clk 0:00:44]} 36. Bxa4 {[%clk 0:02:16]} Rb6
{[%clk 0:00:49]} 37. b3 {[%clk 0:02:05]} c3 {[%clk 0:00:20]} 38. Rc7
{[%clk 0:02:10]} d4 {[%clk 0:00:25]} 39. Ke2 {[%clk 0:02:03]} f5 {[%clk 0:00:13]}
40. g7+ {[%clk 0:02:09]} Kg8 {[%clk 0:00:22]} 41. b4 {[%clk 0:02:08]} 1-0

[Event "Russian Championship (Rapid, Women)"]
[Site "Sochi"]
[Date "2018.10.06"]
[Round "6.12"]
[White "Garifullina, Leya"]
[Black "Baraeva, Irina"]
[Result "1/2-1/2"]
[BlackElo "2174"]
[WhiteElo "2030"]
[LiveChessVersion "1.4.8"]

1. e4 {[%clk 0:15:17]} d5 {[%clk 0:15:19]} 2. exd5 {[%clk 0:15:26]} Qxd5
{[%clk 0:15:28]} 3. Nc3 {[%clk 0:15:33]} Qa5 {[%clk 0:15:38]} 4. d4
{[%clk 0:15:41]} c6 {[%clk 0:15:42]} 5. Nf3 {[%clk 0:15:49]} Bf5 {[%clk 0:15:50]}
6. Bc4 {[%clk 0:15:57]} e6 {[%clk 0:14:52]} 7. Bd2 {[%clk 0:15:55]} Nf6
{[%clk 0:14:57]} 8. Qe2 {[%clk 0:15:51]} Nbd7 {[%clk 0:13:15]} 9. d5
{[%clk 0:13:40]} cxd5 {[%clk 0:10:12]} 10. Nxd5 {[%clk 0:13:46]} Qd8
{[%clk 0:10:15]} 11. Nd4 {[%clk 0:12:10]} Bg6 {[%clk 0:08:00]} 12. Nf4
{[%clk 0:08:07]} e5 {[%clk 0:06:41]} 13. Nxg6 {[%clk 0:06:33]} hxg6
{[%clk 0:06:49]} 14. O-O-O {[%clk 0:06:15]} Be7 {[%clk 0:05:55]} 15. Nf3
{[%clk 0:06:10]} Qc7 {[%clk 0:05:56]} 16. Bc3 {[%clk 0:05:56]} e4
{[%clk 0:02:32]} 17. Ng5 {[%clk 0:05:20]} O-O {[%clk 0:02:19]} 18. Nxe4
{[%clk 0:03:37]} Nxe4 {[%clk 0:02:04]} 19. Qxe4 {[%clk 0:03:31]} Nf6
{[%clk 0:02:13]} 20. Qe2 {[%clk 0:03:27]} Rfc8 {[%clk 0:02:19]} 21. Bb3
{[%clk 0:03:30]} a5 {[%clk 0:01:55]} 22. a4 {[%clk 0:03:32]} Bb4 {[%clk 0:01:17]}
23. Bxb4 {[%clk 0:03:30]} axb4 {[%clk 0:01:26]} 24. Rd4 {[%clk 0:02:11]} Qc5
{[%clk 0:00:32]} 25. Rc4 {[%clk 0:02:14]} Qg5+ {[%clk 0:00:41]} 26. f4
{[%clk 0:02:17]} Qf5 {[%clk 0:00:29]} 27. Rxb4 {[%clk 0:02:12]} Re8
{[%clk 0:00:39]} 28. Qc4 {[%clk 0:02:14]} Re7 {[%clk 0:00:42]} 29. h3
{[%clk 0:02:13]} Rc8 {[%clk 0:00:39]} 30. Qb5 {[%clk 0:01:54]} Rc5
{[%clk 0:00:46]} 31. Qb6 {[%clk 0:01:56]} Rec7 {[%clk 0:00:44]} 32. Kb1
{[%clk 0:01:48]} Nd5 {[%clk 0:00:38]} 33. Bxd5 {[%clk 0:01:52]} Qxc2+
{[%clk 0:00:46]} 34. Ka2 {[%clk 0:01:57]} Rxd5 {[%clk 0:00:54]} 35. Re1
{[%clk 0:01:51]} Rcd7 {[%clk 0:00:35]} 36. f5 {[%clk 0:01:11]} Rxf5
{[%clk 0:00:30]} 37. Re8+ {[%clk 0:00:57]} Kh7 {[%clk 0:00:39]} 38. Rh4+
{[%clk 0:00:44]} Rh5 {[%clk 0:00:49]} 39. Rxh5+ {[%clk 0:00:52]} gxh5
{[%clk 0:00:58]} 40. Qb5 {[%clk 0:01:01]} Rd6 {[%clk 0:00:39]} 41. Qxh5+
{[%clk 0:00:50]} Rh6 {[%clk 0:00:49]} 42. Qg4 {[%clk 0:00:52]} Rg6
{[%clk 0:00:38]} 43. Qh4+ {[%clk 0:00:35]} Rh6 {[%clk 0:00:47]} 44. Qb4
{[%clk 0:00:34]} Qxg2 {[%clk 0:00:51]} 45. Qc4 {[%clk 0:00:26]} Qf3
{[%clk 0:00:45]} 46. Re7 {[%clk 0:00:27]} Rxh3 {[%clk 0:00:24]} 47. Rxf7
{[%clk 0:00:28]} Qg2 {[%clk 0:00:16]} 48. Qd4 {[%clk 0:00:26]} Rh2
{[%clk 0:00:19]} 49. Rd7 {[%clk 0:00:29]} Qc6 {[%clk 0:00:13]} 50. Qd3+
{[%clk 0:00:30]} Qg6 {[%clk 0:00:11]} 51. Qxg6+ {[%clk 0:00:34]} Kxg6
{[%clk 0:00:21]} 52. Rxb7 {[%clk 0:00:43]} Kf6 {[%clk 0:00:29]} 53. a5
{[%clk 0:00:50]} g5 {[%clk 0:00:38]} 54. a6 {[%clk 0:00:53]} Rh8 {[%clk 0:00:45]}
55. Rb6+ {[%clk 0:00:56]} Kf5 {[%clk 0:00:54]} 56. b4 {[%clk 0:01:05]} g4
{[%clk 0:01:04]} 57. a7 {[%clk 0:01:09]} Ra8 {[%clk 0:01:11]} 58. Rb7
{[%clk 0:01:18]} Ke5 {[%clk 0:01:13]} 59. b5 {[%clk 0:01:24]} g3 {[%clk 0:00:44]}
60. b6 {[%clk 0:01:32]} Kd6 {[%clk 0:00:26]} 61. Rb8 {[%clk 0:01:18]} g2
{[%clk 0:00:35]} 62. Rxa8 {[%clk 0:01:27]} g1=Q {[%clk 0:00:43]} 63. Rd8+
{[%clk 0:01:34]} Ke7 {[%clk 0:00:49]} 64. a8=Q {[%clk 0:01:41]} Qf2+
{[%clk 0:00:55]} 65. Ka3 {[%clk 0:01:47]} Qc5+ {[%clk 0:00:42]} 66. Ka4
{[%clk 0:01:50]} Qc4+ {[%clk 0:00:51]} 67. Ka5 {[%clk 0:01:52]} Qa2+
{[%clk 0:01:00]} 68. Kb5 {[%clk 0:01:58]} Qe2+ {[%clk 0:01:08]} 69. Kc6
{[%clk 0:02:04]} Qe4+ {[%clk 0:01:05]} 70. Rd5 {[%clk 0:02:02]} Qc4+
{[%clk 0:01:14]} 71. Rc5 {[%clk 0:00:54]} Qe4+ {[%clk 0:01:23]} 72. Rd5
{[%clk 0:01:03]} Qc4+ {[%clk 0:01:33]} 73. Rc5 {[%clk 0:00:48]} Qe4+
{[%clk 0:01:41]} 74. Rd5 {[%clk 0:00:58]} Qc4+ {[%clk 0:01:51]} 75. Rc5
{[%clk 0:01:07]} Qe4+ {[%clk 0:01:48]} 1/2-1/2